000
00317nam a2200109Ia 4500
008
171211s9999 xx 000 0 und d
245
_a
Absolute Beginner's Guide to Pregnancy
245
_c
John Adams and Marta Justak
260
_c
2004
650
_x
HEALTH
856
_u
http://down.ebook777.com/014/978-0789732163.pdf
999
_c
348407
_d
348407